THE DINO QUIZ - Statistics

General Stats
  • This quiz has been taken 7 times
    6 since last reset
  • The average score is 7 of 28
Answer Stats
Hint Answer % Correct
Mosasaurus
75%
Tyrannosaurus rex
75%
Allosaurus
50%
Semi Aquatic Carnivore Baryonyx
50%
Carcharodontosaurus
50%
Carnotaurus
50%
Sea Carnivore Elasmosaurus
50%
Spinosaurus
50%
Suchomimus
50%
Land Carnivore Albertosaurus
25%
Irritator
25%
Liopleurodon
25%
Pliosaurus
25%
Prognathodon
25%
Tylosaurus
25%
Utahraptor
25%
Velociraptor
25%
Semi aquatic Carnivore (Debated) Australovenator
0%
Ceratosaurus
0%
Ceratosaurus
0%
Deinonychus
0%
Dilophosaurus
0%
Ichthyosaurus
0%
Kronosaurus
0%
Ophthalmosaurus
0%
Oxalaia
0%
Platecarpus
0%
Shonisaurus
0%
No matching quizzes found
Score Distribution
Percent of People with Each Score
Percentile by Number Answered
Your Score History
You have not taken this quiz since the last reset